駅名に「能」を含む駅 - Statistics

General Stats
  • This quiz has been taken 102 times
  • The average score is 11 of 22
Answer Stats
Hint Answer % Correct
能代市 能代
99%
能代市 東能代
94%
飯能市 飯能
94%
飯能市 東飯能
90%
能代市 北能代
76%
横浜市 能見台
61%
能美市 能美根上
58%
糸魚川市 能生
52%
東近江市 能登川
51%
川西市 川西能勢口
48%
七尾市 能登中島
38%
宇部市 居能
38%
高岡市 能町
37%
能代市 向能代
34%
穴水町 能登鹿島
32%
中能登町 能登二宮
30%
中能登町 能登部
28%
福山市 万能倉
28%
高岡市 新能町
25%
津幡町 能瀬
21%
高岡市 能町口
15%
阿南市 見能林
15%
No matching quizzes found
Score Distribution
Percent of People with Each Score
Percentile by Number Answered
Your Score History
You have not taken this quiz